LGBTQ+ Characters Played by Straight Actors - Statistics

General Stats
  • This quiz has been taken 62 times
  • The average score is 10 of 45
Answer Stats
Hint Answer % Correct
Brokeback Mountain Heath Ledger
72%
Brokeback Mountain Jake Gyllenhaal
67%
Bohemian Rhapsody Rami Malek
62%
Call Me By Your Name Timothee Chalamet
60%
Philadelphia Tom Hanks
47%
The Imitation Game Benedict Cumberbatch
45%
Milk Sean Penn
40%
The Devil Wears Prada Stanley Tucci
40%
Boys Don't Cry Hilary Swank
36%
Rocketman Taron Egerton
36%
The Birdcage Robin Williams
33%
Dallas Buyers Club Jared Leto
31%
The Favourite Olivia Colman
31%
Capote Phillip Seymour Hoffman
29%
Monster Charlize Theron
26%
Modern Family Eric Stonestreet
26%
Glee Darren Criss
22%
I Love You Phillip Morris Jim Carrey
22%
Green Book Mahershala Ali
22%
Will & Grace Eric McCormack
17%
The Kids Are Alright Julianne Moore
17%
Six Degrees of Seperation Will Smith
17%
A Single Man Colin Firth
16%
The Hours Nicole Kidman
16%
I Love You Phillip Morris Ewan McGregor
14%
High School Musical Lucas Grabeel
14%
Love, Simon Nick Robinson
12%
Shameless Cameron Monaghan
10%
The Prom James Corden
10%
Transparent Jeffrey Tambor
10%
Cruel Intentions Joshua Jackson
10%
Brooklyn Nine-Nine Marc Evan Jackson
10%
Orange is the New Black Natasha Lyonne
10%
The Office Oscar Nunez
10%
Barry Anthony Carrigan
9%
Wet Hot American Summer Bradley Cooper
9%
Love, Victor Michael Cimino
9%
Riverdale Casey Cott
7%
Happy Endings Adam Pally
5%
Six Feet Under Michael C Hall
5%
Schitts Creek Noah Reid
5%
Queer as Folk Charlie Hunnam
3%
Ideal Home Paul Rudd
3%
The Fosters Hayden Byerly
0%
The Walking Dead Ross Marquand
0%
No matching quizzes found
Score Distribution
Percent of People with Each Score
Percentile by Number Answered
Your Score History
You have not taken this quiz